Лінгвістичні та паралінгвістичні засоби реалізації неправдивого висловлювання в англомовних комунікативних актах (на прикладі відеоматеріалів) (Запис № 285380)

МАРК-запис
000 -LEADER
fixed length control field 01702nam a22001577a 4500
041 ## - LANGUAGE CODE
Language code of text/sound track or separate title ukr
080 ## - UNIVERSAL DECIMAL CLASSIFICATION NUMBER
Universal Decimal Classification number 09
090 ## - LOCALLY ASSIGNED LC-TYPE CALL NUMBER (OCLC); LOCAL CALL NUMBER (OCLC)
Local cutter number (OCLC) ; Book number/undivided call number, CALL (RLIN) МАР
100 ## - MAIN ENTRY--PERSONAL NAME
Personal name Маркевич, Л. О.
245 ## - TITLE STATEMENT
Title Лінгвістичні та паралінгвістичні засоби реалізації неправдивого висловлювання в англомовних комунікативних актах (на прикладі відеоматеріалів)
260 ## - PUBLICATION, DISTRIBUTION, ETC. (IMPRINT)
Place of publication, distribution, etc Острог
Name of publisher, distributor, etc КАФ
Date of publication, distribution, etc 2014
300 ## - PHYSICAL DESCRIPTION
Extent 64
520 ## - SUMMARY, ETC.
Summary, etc Вступ.<br/>Розділ І. Комунікація як синтез вербального і невербального спілкування.<br/>1.1. Поняття комунікації<br/>1.2. Вербальні засоби спілкування<br/>1.3. Невербальні засоби спілкування<br/>Розділ ІІ. Реалізація неправдивого висловлювання за лінгвістичними та паралінгвістичними ознаками.<br/>2.1. Поняття неправдивого висловлювання<br/>2.2. Лінгвістичні засоби реалізації обману<br/>2.3. Визначення обману на паралінгвістичному рівні<br/>Розділ ІІІ. Аналіз вербальних та невербальних засобів реалізації обману на прикладі комунікативної поведінки Мітта Ромні.<br/>Висновки.<br/>Список використаної літератури.
-- комунікація, лінгвістика, паралінгвістика
650 ## - SUBJECT ADDED ENTRY--TOPICAL TERM
Topical term or geographic name as entry element Research Papers
942 ## - ADDED ENTRY ELEMENTS (KOHA)
Koha item type Книги
Фонди
Withdrawn status Lost status Source of classification or shelving scheme Damaged status Not for loan Home library Current library Date acquired Source of acquisition Cost, normal purchase price Total Checkouts Full call number Barcode Date last seen Price effective from Koha item type
    Universal Decimal Classification     ВІЛ - Відділ іноземн. літератури НБ ВІЛ - Відділ іноземн. літератури НБ 17/06/2014 Акт №8 1.00   09 215623 09/11/2021 17/06/2014 Книги